Islam and Secularism (Record no. 7671)

MARC details
000 -LEADER
fixed length control field 00575nam a2200229 a 4500
020 ## - INTERNATIONAL STANDARD BOOK NUMBER
ISBN
082 00 - DEWEY DECIMAL CLASSIFICATION NUMBER
Classification number 211.6
Author Cutter ATT
100 ## - MAIN ENTRY--AUTHOR NAME
Author name Al-Attas, Syed Muhammad Naquib
245 ## - TITLE STATEMENT
Title Islam and Secularism
260 ## - PUBLICATION, DISTRIBUTION, ETC. (IMPRINT)
Place of publication Lahore
Name of publisher Suhail Academy
Year of publication 1978
300 ## - PHYSICAL DESCRIPTION
Number of Pages 196p
500 ## - GENERAL NOTE
General note includes index and biblioraphy
650 ## - SUBJECT ADDED ENTRY--TOPICAL TERM
Topical Term Secularism and Islam
942 ## - ADDED ENTRY ELEMENTS (KOHA)
Koha item type Books
700 1# -
-- Al-Attas, Syed Muhammad Naquib
Holdings
Home library Current library Date acquired Cost, normal purchase price Full call number Accession Number Koha item type
Henry Martyn Institute Library Henry Martyn Institute Library 05/05/2008 260.00 211.6 ATT 011967 E-Books
                   Copyright © 2026 | Henry Martyn Institute | Hyderabad | TS-500052 | INDIA | Implemented by hmi.edu.in
Hit-Count:

Powered by Koha